000 00367 a2200133 4500
020 _a9781563205279 (pbk.)
041 _aspa
245 _aSanta Biblia : El Nuevo Testamento : Nueva Version Internacional
260 _aColorado Springs : Biblica, cc1999.
300 _a314 pages ;
_c21 cm
500 _aSubtitle is cover and spine title
942 _cBK
952 _71
999 _c21050
_d21050